Combien de ville des Ardennes (08) connais-tu ? - Statistiques

Statistiques générales
  • Ce quiz a été pris 38 fois
  • Le résultat moyen est 38 sur 449
Statistiques - réponses
Code postal Ville % Correct
8000 Charleville-Mézières
90%
8300 Rethel
80%
8208 Sedan
77%
8600 Givet
60%
8700 Nouzonville
53%
8140 Bazeilles
47%
8230 Rocroi
47%
8000 Villers-Semeuse
47%
8400 Vouziers
47%
8110 Carignan
37%
8500 Revin
37%
8300 Sault-lès-Rethel
37%
8380 Signy-le-Petit
37%
8430 Poix-Terron
33%
8460 Signy-l'Abbaye
33%
8190 Asfeld
30%
8130 Attigny
30%
8350 Donchery
30%
8140 Douzy
30%
8170 Fumay
30%
8800 Monthermé
30%
8200 Balan
27%
8120 Bogny-sur-Meuse
27%
8160 Flize
27%
8170 Haybes
27%
8310 Juniville
27%
8330 Vrigne aux Bois
27%
8300 Acy-Romance
23%
8410 Boulzicourt
23%
8600 Chooz
23%
8200 Floing
23%
8000 Francheville
23%
8440 Lumes
23%
8150 Renwez
23%
8090 Saint-Laurent
23%
8270 Saulces-Monclin
23%
8300 Tagnon
23%
8320 Vireux-Molhain
23%
8440 Vivier-au-Court
23%
8000 Warcq
23%
8090 Aiglemont
20%
8300 Amagne
20%
8430 Jandun
20%
8800 Laifour
20%
8290 Liart
20%
8150 Lonny
20%
8300 Lucquy
20%
8310 Machault
20%
8260 Maubert-Fontaine
20%
8210 Mouzon
20%
8140 Pouru-Saint-Remy
20%
8000 Prix-lès-Mézières
20%
8320 Vireux-Wallerand
20%
8320 Aubrives
17%
8090 Cliron
17%
8300 Coucy
17%
8140 Daigny
17%
8800 Deville
17%
8200 Glaire
17%
8700 Joigny-sur-Meuse
17%
8430 Launois-sur-Vence
17%
8110 Messincourt
17%
8270 Novion-Porcien
17%
8300 Novy-Chevrières
17%
8350 Noyers-Pont-Maugis
17%
8140 Pouru-aux-Bois
17%
8110 Pure
17%
8150 Rimogne
17%
8150 Rouvroy-sur-Audry
17%
8110 Sachy
17%
8300 Sorbon
17%
8300 Thugny-Trugny
17%
8090 Tournes
17%
8310 Alincourt
13%
8150 Aubigny-les-Pothées
13%
8260 Auvillers-les-Forges
13%
8300 Avançon
13%
8000 Ayvelles
13%
8400 Ballay
13%
8090 Belval
13%
8300 Bergnicourt
13%
8300 Bertoncourt
13%
8360 Château-Porcien
13%
8300 Châtelet-sur-Retourne
13%
8350 Cheveuges
13%
8460 Clavy-Warby
13%
8160 Dom-le-Mesnil
13%
8270 Faissault
13%
8170 Fépin
13%
8140 Francheval
13%
8700 Gespunsart
13%
8200 Givonne
13%
8090 Ham-les-Moines
13%
8450 Haraucourt
13%
8800 Hautes-Rivières
13%
8370 Margut
13%
8400 Monthois
13%
8300 Neuflize
13%
8400 Quatre-Champs
13%
8600 Rancennes
13%
8450 Raucourt-et-Flaba
13%
8190 Saint-Germainmont
13%
8460 Thin-le-Moutier
13%
8200 Wadelincourt
13%
8190 Aire
10%
8500 Anchamps
10%
8450 Angecourt
10%
8300 Arnicourt
10%
8380 Auge
10%
8400 Aure
10%
8310 Aussonce
10%
8240 Autruche
10%
8390 Bairon et ses environs
10%
8110 Blagny
10%
8400 Bourcq
10%
8240 Buzancy
10%
8130 Charbogne
10%
8600 Charnois
10%
8260 Chilly
10%
8260 Éteignières
10%
8380 Fligny
10%
8600 Fromelennes
10%
8250 Grandpré
10%
8170 Hargnies
10%
8190 Houdilcourt
10%
8090 Montcornet
10%
8090 Montcy-Notre-Dame
10%
8300 Nanteuil-sur-Aisne
10%
8160 Nouvion-sur-Meuse
10%
8430 Omont
10%
8300 Perthes
10%
8190 Poilcourt-Sydney
10%
8450 Remilly-Aillicourt
10%
8150 Remilly-les-Pothées
10%
8300 Saint-Loup-en-Champagne
10%
8160 Saint-Marceau
10%
8460 Saint-Marcel
10%
8200 Saint-Menges
10%
8190 Sault-Saint-Remy
10%
8150 Sécheval
10%
8270 Sery
10%
8150 Sormonne
10%
8390 Sy
10%
8350 Thelonne
10%
8800 Thilay
10%
8110 Tremblois-lès-Carignan
10%
8160 Vendresse
10%
8400 Voncq
10%
8350 Vrigne-Meuse
10%
8210 Yoncq
10%
8310 Annelles
7%
8260 Antheny
7%
8250 Apremont
7%
8270 Auboncourt-Vauzelles
7%
8240 Authe
7%
8190 Avaux
7%
8300 Barby
7%
8300 Biermes
7%
8310 Bignicourt
7%
8190 Blanzy-la-Salonnaise
7%
8260 Blombay
7%
8230 Bourg-Fidèle
7%
8430 Bouvellemont
7%
8140 Brévilly
7%
8190 Brienne-sur-Aisne
7%
8450 Bulson
7%
8310 Cauroy
7%
8160 Chalandry-Elaire
7%
8400 Challerange
7%
8200 Chapelle
7%
8220 Chaumont-Porcien
7%
8270 Chesnois-Auboncourt
7%
8270 Corny-Machéroménil
7%
8090 Damouzy
7%
8110 Deux-Villes
7%
8460 Dommery
7%
8300 Écaille
7%
8150 Échelle
7%
8300 Écly
7%
8130 Écordal
7%
8160 Étrépigny
7%
8090 Évigny
7%
8250 Exermont
7%
8400 Falaise
7%
8260 Girondelle
7%
8130 Givry
7%
8190 Gomont
7%
8390 Grandes-Armoises
7%
8230 Gué-d'Hossus
7%
8430 Guignicourt-sur-Vence
7%
8600 Ham-sur-Meuse
7%
8160 Hannogne-Saint-Martin
7%
8800 Haulmé
7%
8310 Hauviné
7%
8320 Hierges
7%
8200 Illy
7%
8460 Lalobbe
7%
8150 Logny-Bogny
7%
8290 Marlemont
7%
8460 Neufmaison
7%
8700 Neufmanil
7%
8090 Neuville-lès-This
7%
8380 Neuville-lez-Beaulieu
7%
8240 Nouart
7%
8250 Olizy-Primat
7%
8110 Osnes
7%
8310 Pauvres
7%
8390 Petites-Armoises
7%
8430 Raillicourt
7%
8230 Regniowez
7%
8190 Roizy
7%
8290 Rumigny
7%
8400 Sainte-Marie
7%
8130 Saint-Loup-Terrier
7%
8400 Saint-Morel
7%
8240 Saint-Pierremont
7%
8160 Sapogne-et-Feuchères
7%
8130 Saulces-Champenoises
7%
8300 Seuil
7%
8400 Sugny
7%
8110 Tétaigne
7%
8090 This
7%
8800 Tournavaux
7%
8400 Vandy
7%
8150 Vaux-Villaine
7%
8270 Viel-Saint-Remy
7%
8210 Villers-devant-Mouzon
7%
8090 Warnécourt
7%
8110 Williers
7%
8430 Yvernaumont
7%
8130 Ambly-Fleury
3%
8290 Aouste
3%
8090 Arreux
3%
8390 Artaise-le-Vivier
3%
8210 Autrecourt-et-Pourron
3%
8250 Autry
3%
8430 Baâlons
3%
8190 Balham
3%
8220 Banogne-Recouvrance
3%
8240 Bar-lès-Buzancy
3%
8240 Bayonville
3%
8210 Beaumont-en-Argonne
3%
8240 Belval-Bois-des-Dames
3%
8450 Besace
3%
8290 Blanchefosse-et-Bay
3%
8290 Bossus-lès-Rumigny
3%
8240 Boult-aux-Bois
3%
8400 Brécy-Brières
3%
8240 Brieulles-sur-Bar
3%
8240 Briquenay
3%
8430 Chagny
3%
8250 Champigneulle
3%
8260 Champlin
3%
8220 Chappes
3%
8250 Chatel-Chéhéry
3%
8150 Châtelet-sur-Sormonne
3%
8450 Chémery-Chéhéry
3%
8250 Chevières
3%
8250 Condé-lès-Autry
3%
8360 Condé-lès-Herpy
3%
8250 Cornay
3%
8400 Croix-aux-Bois
3%
8300 Doux
3%
8220 Draize
3%
8260 Étalle
3%
8090 Fagnon
3%
8370 Ferté-sur-Chiers
3%
8200 Fleigneux
3%
8250 Fléville
3%
8600 Foisches
3%
8370 Fromy
3%
8240 Germont
3%
8440 Gernelle
3%
8250 Grandham
3%
8700 Grandville
3%
8430 Gruyères
3%
8290 Hannappes
3%
8150 Harcy
3%
8240 Harricourt
3%
8090 Haudrecy
3%
8300 Hauteville
3%
8370 Herbeuval
3%
8360 Herpy-l'Arlésienne
3%
8090 Houldizy
3%
8240 Imécourt
3%
8300 Inaumont
3%
8270 Justine-Herbigny
3%
8250 Lançon
3%
8600 Landrichamps
3%
8150 Laval-Morency
3%
8310 Leffincourt
3%
8150 Lépron-les-Vallées
3%
8400 Longwé
3%
8400 Manre
3%
8250 Marcq
3%
8370 Margny
3%
8110 Matton-et-Clémency
3%
8500 Mazures
3%
8310 Ménil-Annelles
3%
8370 Moiry
3%
8250 Montcheutin
3%
8390 Mont-Dieu
3%
8170 Montigny-sur-Meuse
3%
8430 Montigny-sur-Vence
3%
8130 Mont-Laurent
3%
8400 Mont-Saint-Martin
3%
8250 Mouron
3%
8380 Neuville-aux-Joûtes
3%
8130 Neuville-Day
3%
8310 Neuville-en-Tourne-à-Fuy
3%
8430 Neuvizy
3%
8400 Noirval
3%
8270 Puiseux
3%
8220 Remaucourt
3%
8220 Renneville
3%
8130 Rilly-sur-Aisne
3%
8220 Rocquigny
3%
8350 Saint-Aignan
3%
8310 Saint-Clément-à-Arnes
3%
8310 Saint-Étienne-à-Arnes
3%
8360 Saint-Fergeux
3%
8250 Saint-Juvin
3%
8130 Saint-Lambert-et-Mont-de-Jeux
3%
8310 Saint-Pierre-à-Arnes
3%
8430 Saint-Pierre-sur-Vence
3%
8220 Saint-Quentin-le-Petit
3%
8390 Sauville
3%
8400 Savigny-sur-Aisne
3%
8400 Semide
3%
8250 Senuc
3%
8220 Seraincourt
3%
8220 Sévigny-Waleppe
3%
8430 Singly
3%
8250 Sommerance
3%
8300 Son
3%
8270 Sorcy-Bauthémont
3%
8390 Stonne
3%
8130 Suzanne
3%
8230 Taillette
3%
8360 Taizy
3%
8390 Tannay
3%
8380 Tarzy
3%
8240 Thénorgues
3%
8190 Thour
3%
8400 Toges
3%
8150 Tremblois-lès-Rocroi
3%
8250 Vaux-lès-Mouron
3%
8210 Vaux-lès-Mouzon
3%
8240 Verpel
3%
8190 Vieux-lès-Asfeld
3%
8190 Villers-devant-le-Thour
3%
8370 Villy
3%
8270 Wagnon
3%
8270 Wasigny
3%
8130 Alland'Huy-et-Sausseuil
0%
8400 Ardeuil-et-Montfauxelles
0%
8370 Auflance
0%
8430 Barbaise
0%
8250 Beffu-et-le-Morthomme
0%
8240 Belleville-et-Châtillon-sur-Bar
0%
8240 Berlière
0%
8370 Bièvres
0%
8250 Bouconville
0%
8380 Brognon
0%
8260 Cernion
0%
8430 Champigneul-sur-Vence
0%
8400 Chardeny
0%
8130 Chuffilly-Roche
0%
8400 Contreuve
0%
8130 Coulommes-et-Marqueny
0%
8220 Doumely-Bégny
0%
8310 Dricourt
0%
8110 Escombres-et-le-Chesnois
0%
8260 Estrebay
0%
8210 Euilly-et-Lombut
0%
8270 FALSE
0%
8290 Férée
0%
8260 Flaignes-Havys
0%
8240 Fossé
0%
8220 Fraillicourt
0%
8290 Fréty
0%
8220 Givron
0%
8270 Grandchamp
0%
8400 Grivy-Loisy
0%
8130 Guincourt
0%
8430 Hagnicourt
0%
8220 Hannogne-Saint-Rémy
0%
8430 Horgne
0%
8440 Issancourt-et-Rumel
0%
8130 Jonval
0%
8130 Lametz
0%
8240 Landres-et-Saint-Georges
0%
8210 Létanne
0%
8110 Linay
0%
8400 Liry
0%
8450 Maisoncelle-et-Villers
0%
8370 Malandry
0%
8460 Maranwez
0%
8260 Marby
0%
8390 Marquigny
0%
8400 Mars-sous-Bourcq
0%
8400 Marvaux-Vieux
0%
8430 Mazerny
0%
8310 Ménil-Lépinois
0%
8270 Mesmont
0%
8110 Mogues
0%
8140 Moncelle
0%
8430 Mondigny
0%
8390 Montgon
0%
8220 Montmeillant
0%
8310 Mont-Saint-Remy
0%
8150 Murtin-et-Bogny
0%
8450 Neuville-à-Maire
0%
8270 Neuville-lès-Wasigny
0%
8240 Oches
0%
8450 Omicourt
0%
8290 Prez
0%
8370 Puilly-et-Charbeaux
0%
8400 Quilly
0%
8220 Romagne
0%
8220 Rubigny
0%
8130 Sabotterie
0%
8110 Sailly
0%
8130 Sainte-Vaubourg
0%
8220 Saint-Jean-aux-Bois
0%
8300 Saint-Remy-le-Petit
0%
8370 Sapogne-sur-Marche
0%
8250 Séchault
0%
8130 Semuy
0%
8230 Sévigny-la-Forêt
0%
8370 Signy-Montlibert
0%
8240 Sommauthe
0%
8090 Sury
0%
8240 Tailly
0%
8430 Touligny
0%
8400 Tourcelles-Chaumont
0%
8130 Tourteron
0%
8130 Vaux-Champagne
0%
8240 Vaux-en-Dieulet
0%
8220 Vaux-lès-Rubigny
0%
8270 Vaux-Montreuil
0%
8390 Verrières
0%
8430 Villers-le-Tilleul
0%
8430 Villers-le-Tourneur
0%
8350 Villers-sur-Bar
0%
8430 Villers-sur-le-Mont
0%
8440 Ville-sur-Lumes
0%
8310 Ville-sur-Retourne
0%
8270 Wignicourt
0%
Aucun quiz correspondant
Distribution des résultats
% des personnes avec chaque résultat
Percentile par nombre de réponses
Votre historique - résultats
Vous n’avez pas pris ce quiz